| 000 | 00704nam a2200253Ia 4500 | ||
|---|---|---|---|
| 003 | OSt | ||
| 005 | 20221005132918.0 | ||
| 006 | a|||||r|||| 00| 0 | ||
| 007 | ta | ||
| 008 | 221004b |||||||| |||| 00| 0 eng d | ||
| 024 | _a43985 | ||
| 037 | _cTextual | ||
| 040 |
_aCRL _cCRL _beng |
||
| 041 |
_2eng _aeng |
||
| 082 | _aO15:3D69:1, D6 close sec | ||
| 100 | _aSubandhu | ||
| 245 | 0 | _aVasavadatta with sanskrit comm by R.V. Krishnamachariar | |
| 260 | _c1906 | ||
| 490 | _aSrivani vilasa sanskrit series; 2 | ||
| 650 | _a ENGLISH LITERATURE | ||
| 650 | _aSANSKRIT LITERATURE | ||
| 942 |
_hO15:3D69:1, D6 close sec _cTEXL _2cc |
||
| 999 |
_c1065173 _d1065173 |
||